000 00653nam a2200277Ia 4500
005 20260324124119.0
008 008 260324s9999 xx 000 0 eng d
020 _a9780203815984
037 _aEBOOK
040 _aCRL
040 _beng
040 _cCRL
041 _2eng
041 _aeng
084 _qCRL
100 _aNadine Godehardt; Dirk Nabers
_91172892
245 0 _aRegional Powers and Regional Orders
260 _bTaylor and Francis
260 _c2011
365 _a
365 _b255
856 _uhttp://www.taylorfrancis.com/books/9780203815984
942 _cEBOOK
999 _c1767018
_d1767018